Administrative Units of Albania with a Map - Statistics

General Stats
  • This quiz has been taken 318 times
  • The average score is 100 of 373
Answers on the Map
Answers color-coded by a green-red scale on the quiz's map according to % correct below.
 
Answer Stats
Unit % Correct
Durrës
85%
Shkodër
82%
Vlorë
77%
Elbasan
73%
Tiranë
73%
Lezhë
72%
Fier
69%
Kukës
69%
Korçë
68%
Berat
66%
Gjirokastër
62%
Sarandë
58%
Pogradec
53%
Kavajë
48%
Lushnjë
47%
Peshkopi
47%
Krujë
46%
Ksamil
46%
Vorë
46%
Himarë
44%
Librazhd
44%
Tropojë
44%
Bajram Curri
43%
Bulqizë
43%
Kamëz
43%
Shëngjin
43%
Fushë-Krujë
42%
Tepelenë
42%
Koplik
40%
Laç
40%
Përmet
40%
Pukë
40%
Shijak
40%
Divjakë
39%
Golem
39%
Konispol
39%
Orikum
39%
Burrel
38%
Delvinë
37%
Fushë-Arrëz
37%
Gramsh
37%
Rrogozhinë
37%
Velipojë
37%
Peqin
35%
Rrëshen
35%
Ersekë
34%
Finiq
34%
Klos
34%
Maliq
34%
Milot
34%
Paskuqan
34%
Patos
34%
Pustec
34%
Qendër
34%
Kashar
33%
Kolonjë
33%
Krumë
33%
Sukth
33%
Libohovë
32%
Mamurras
32%
Poliçan
32%
Ballsh
31%
Bilisht
31%
Cërrik
31%
Dajt
31%
Kelmend
31%
Leskovik
31%
Maminas
31%
Memaliaj
31%
Novoselë
31%
Petrelë
31%
Krrabë
30%
Qerret
30%
Rubik
30%
Selenicë
30%
Baldushk
29%
Belsh
29%
Farkë
29%
Guri i Zi
29%
Ishëm
29%
Kuçovë
29%
Ndroq
29%
Nikël
29%
Përrenjas
29%
Shëngjergj
29%
Ana e Malit
28%
Bushat
28%
Çorovodë
28%
Lekaj
28%
Shalë
28%
Shënkoll
28%
Shishtavec
28%
Zall-Herr
28%
Aliko
27%
Bërdicë
27%
Bërzhitë
27%
Fierzë
27%
Frashër
27%
Gjegjan
27%
Gosë
27%
Kastrat
27%
Këlcyrë
27%
Lazarat
27%
Livadhja
27%
Lukovë
27%
Manëz
27%
Maqellarë
27%
Pezë
27%
Postribë
27%
Qendër Vlorë
27%
Shkrel
27%
Synej
27%
Vau-Dejës
27%
Xarrë
27%
Zall-Bastar
27%
Bërxullë
26%
Fan
26%
Gjepalaj
26%
Gruemirë
26%
Kolsh
26%
Labinot Fushë
26%
Lekbibaj
26%
Mollas
26%
Rrethinat
26%
Thumanë
26%
Voskop
26%
Zapod
26%
Arrën
25%
Balldren
25%
Bubq
25%
Buz
25%
Bytyç
25%
Dajç
25%
Dropull i Poshtëm
25%
Fushë-Kuqe
25%
Golaj
25%
Helmas
25%
Iballe
25%
Kala e Dodës
25%
Kastriot
25%
Kurvelesh
25%
Labinot Mal
25%
Librazhd Qendër
25%
Lis
25%
Martanesh
25%
Mesopotam
25%
Pajovë
25%
Qendër Tepelenë
25%
Tërpan
25%
Ulëz
25%
Allkaj
24%
Arras
24%
Ballaban
24%
Baz
24%
Blerim
24%
Bubullimë
24%
Bujan
24%
Cudhi
24%
Dërmenas
24%
Drenovë
24%
Dropull i Sipërm
24%
Dushk
24%
Fajzë
24%
Fushë-Bulqizë
24%
Fushë Çidhën
24%
Gjinaj
24%
Hajmel
24%
Hoçisht
24%
Kalis
24%
Katundi i Ri
24%
Lurë
24%
Malzi
24%
Margegaj
24%
Miras
24%
Ostren
24%
Otllak
24%
Përparim
24%
Petran
24%
Polis
24%
Prezë
24%
Pult
24%
Qafë-Mali
24%
Qelëz
24%
Qendër Ersekë
24%
Qendër Leskovik
24%
Qendër Libohovë
24%
Qendër Skrapar
24%
Qukës
24%
Selitë
24%
Shirgjan
24%
Shllak
24%
Shtiqën
24%
Sinjë
24%
Skënderbegas
24%
Suç
24%
Surroj
24%
Temal
24%
Tërthorë
24%
Tomin
24%
Topojë
24%
Udenisht
24%
Ura Vajgurore
24%
Vithkuq
24%
Voskopojë
24%
Xhafzotaj
24%
Xibër
24%
Armen
23%
Brataj
23%
Buçimas
23%
Funar
23%
Gjergjan
23%
Gjinar
23%
Grykë-Çaje
23%
Gurrë
23%
Kaçinar
23%
Kodovjat
23%
Komsi
23%
Kotë
23%
Kryevidh
23%
Lekas
23%
Levan
23%
Libofshë
23%
Llugaj
23%
Lunxhëri
23%
Melan
23%
Mollaj
23%
Perondi
23%
Proptisht
23%
Roskovec
23%
Selishtë
23%
Shalës
23%
Shushicë
23%
Sllovë
23%
Tërbuf
23%
Topojan
23%
Vaqarr
23%
Vergo
23%
Zall-Dardhë
23%
Zall-Reç
23%
Zejmen
23%
Antigonë
22%
Aranitas
22%
Blinisht
22%
Bradashesh
22%
Bushtricë
22%
Cepo
22%
Çlirim
22%
Cukalat
22%
Fier Shegan
22%
Frakull
22%
Fratar
22%
Gjoçaj
22%
Gracen
22%
Horë-Vranisht
22%
Hotolisht
22%
Kukur
22%
Kutalli
22%
Leshnjë
22%
Lumas
22%
Luz i Vogël
22%
Macukull
22%
Markat
22%
Muhurr
22%
Orosh
22%
Papër
22%
Pojan
22%
Qendër Bilisht
22%
Rashbull
22%
Remas
22%
Sult
22%
Trebisht
22%
Zavalinë
22%
Zhepë
22%
Ballagat
21%
Bicaj
21%
Dardhas
21%
Derjan
21%
Dhivër
21%
Gorë
21%
Hekal
21%
Kallmet
21%
Karbunarë
21%
Kthellë
21%
Lopës
21%
Luzni
21%
Memaliaj Fshat
21%
Moglicë
21%
Odrie
21%
Orenjë
21%
Pogon
21%
Qendër Bulgarec
21%
Roshnik
21%
Rrapë
21%
Rukaj
21%
Sevaster
21%
Shezë
21%
Shosh
21%
Shupenzë
21%
Stëblevë
21%
Trebinjë
21%
Tregan
21%
Ujmisht
21%
Ungrej
21%
Velçan
21%
Vërtop
21%
Vig-Mnelë
21%
Vllahinë
21%
Vreshtas
21%
Bogovë
20%
Gjoricë
20%
Grekan
20%
Karinë
20%
Krahës
20%
Krutje
20%
Kutë
20%
Lënie
20%
Ngraçan
20%
Pishaj
20%
Progër
20%
Qendër Dukas
20%
Kushovë
19%
Lunik
19%
Mbrostar Ura
19%
Qendër Piskovë
19%
Rrajcë
19%
Ruzhdie
19%
Sinaballaj
19%
Sukë
19%
Velabisht
19%
Zagorie
19%
Zerqan
19%
Cakran
18%
Çarçovë
18%
Çepan
18%
Grabian
18%
Gradishtë
18%
Kajan
18%
Pirg
18%
Potom
18%
Rrasë
18%
Strum
18%
Barmash
17%
Hysgjokaj
17%
Stravaj
17%
Dishnicë
16%
Gostimë
16%
Qesarat
16%
Tunjë
16%
Gjerbës
15%
Luftinjë
15%
Picar
15%
Portëz
15%
Poshnjë
15%
Kuman
14%
Libonik
14%
Poroçan
14%
Zharrëz
14%
Kurjan
13%
Vëndreshë
13%
Çërravë
11%
Kozare
11%
Greshicë
8%
No matching quizzes found
Score Distribution
Percent of People with Each Score
Percentile by Number Answered
Your Score History
You have not taken this quiz